000 00303nam a22001337a 4500
008 170127b xxu||||| |||| 00| 0 eng d
020 _a9780073529745
041 _aeng
080 _215TH
_a61
100 _a3
101 _aSHM
245 _aDRUGS SOCIETY & HUMAN BEHAVAVIOUR
_cHART,C.L
942 _2udc
_cBK
999 _c3873
_d3873